L'Abast de l'autonomia política del Quebec : jornada = La portée de l'autonomie politique du Québec : journée jornada = La portée de l'autonomie politique du Québec :
ISBN:
84-393-7167-5
Descripción Física:
151 p. ; 24 cm
Colección:
Testimonis parlamentaris ; 24
MARC
| LEADER | 00000nam a2200000Ia 4500 | ||
|---|---|---|---|
| 001 | 18238 | ||
| 008 | 160829s2006 xx 000 0 cat d | ||
| 020 | |a 84-393-7167-5 | ||
| 080 | |a M-5-262 | ||
| 245 | |a L'Abast de l'autonomia política del Quebec : |b jornada = La portée de l'autonomie politique du Québec : |b journée | ||
| 260 | |a Barcelona : |b Parlament de Catalunya, |c 2006 | ||
| 300 | |a 151 p. ; |c 24 cm | ||
| 490 | |a Testimonis parlamentaris ; 24 | ||
| 590 | |a Bibliografia. | ||
| 590 | |a Textos en català i francès. | ||
| 590 | |a Jornada celebrada al Parlament de Catalunya el dia 12 de juliol de 2005 | ||
| 650 | |a Autonomia |x Quebec |x Congressos |9 22090 | ||
| 650 | 0 | |a Autonomia |x Catalunya |x Congressos |9 22091 | |
| 650 | |a Nacionalisme |x Quebec --Congressos I |9 22092 | ||
| 650 | |a Nacionalisme |x Catalunya |x Congressos |9 22104 | ||
| 710 | 1 | |a Catalunya. |b Parlament |9 11492 | |
| 901 | |a Arxiu | ||
| 942 | |n 1 | ||
| 952 | |0 0 |1 0 |4 0 |6 M5262 |7 1 |9 42053 |a Arxiu |b Arxiu |d 2016-12-01 |l 0 |o M-5-262 |p 18238 |r 2016-12-01 00:00:00 |w 2016-12-01 |y ARXIU | ||
| 999 | |c 44500 |d 44500 | ||